Basketball Eurobasket: All Star Five seit 2000 - Statistiken

Allgemein
  • Dieses Quiz wurde 29 mal gespielt
  • Das Durchschnittsergebnis liegt bei 20 aus 55
Antwortstatistiken
Jahr Nation Spieler % Korrekt
2022 Deutschland Dennis Schröder
100%
2025 Deutschland Dennis Schröder
100%
2017 Slowenien Luka Dončić
89%
2025 Slowenien Luka Dončić
89%
2001 Deutschland Dirk Nowitzki
85%
2005 Deutschland Dirk Nowitzki
85%
2007 Deutschland Dirk Nowitzki
85%
2025 Deutschland Franz Wagner
85%
2022 Griechenland Giannis Antetokounmpo
74%
2025 Griechenland Giannis Antetokounmpo
74%
2025 Türkei Alperen Sengun
70%
2003 Frankreich Tony Parker
63%
2011 Frankreich Tony Parker
63%
2013 Frankreich Tony Parker
63%
2013 Spanien Marc Gasol
56%
2001 Spanien Pau Gasol
56%
2003 Spanien Pau Gasol
56%
2007 Spanien Pau Gasol
56%
2009 Spanien Pau Gasol
56%
2011 Spanien Pau Gasol
56%
2015 Spanien Pau Gasol
56%
2017 Spanien Pau Gasol
56%
2022 Frankreich Rudy Gobert
44%
2017 Serbien Bogdan Bogdanović
37%
2013 Kroatien Bojan Bogdanović
37%
2013 Slowenien Goran Dragić
30%
2017 Slowenien Goran Dragić
30%
2001 Türkei Hedo Türkoğlu
26%
2009 Serbien Miloš Teodosić
26%
2009 Spanien Rudy Fernández
26%
2003 Russland Andrei Kirilenko
22%
2007 Russland Andrei Kirilenko
22%
2011 Russland Andrei Kirilenko
22%
2015 Litauen Jonas Valančiūnas
22%
2015 Spanien Sergio Rodríguez
19%
2022 Spanien Willy Hernangómez
19%
2005 Spanien Juan Carlos Navarro
11%
2011 Spanien Juan Carlos Navarro
11%
2001 Jugoslawien Peja Stojaković
11%
2005 Frankreich Boris Diaw
7%
2015 Frankreich Nando de Colo
7%
2003 Litauen Šarūnas Jasikevičius
7%
2017 Russland Alexey Shved
4%
2005 Griechenland Dimitris Diamantidis
4%
2022 Spanien Lorenzo Brown
4%
2005 Griechenland Theo Papaloukas
4%
2011 Nordmazedonien Bo McCalebb
0%
2001 Kroatien Damir Mulaomerović
0%
2009 Slowenien Erazem Lorbek
0%
2015 Litauen Jonas Mačiulis
0%
2007 Spanien José Calderón
0%
2013 Litauen Linas Kleiza
0%
2007 Litauen Ramūnas Šiškauskas
0%
2003 Litauen Saulius Štombergas
0%
2009 Griechenland Vassilis Spanoulis
0%
Keine übereinstimmenden Quizze gefunden
Verteilung der Resultate
Anzahl Personen mit jedem Resultat
Perzentil nach korrekt beantworteten Fragen
Ihre Resultats-Entwicklung
Sie haben dieses Quiz noch nicht gespielt